[Event "7th Fischer Memorial GM 2019"]
[Site "Anogia"]
[Date "2019.09.18"]
[Round "8.3"]
[White "Kapnisis, Spyridon"]
[Black "Mitsis, Georgios"]
[Result "1/2-1/2"]
[WhiteElo "2465"]
[BlackElo "2374"]
[Annotator "ChessBase"]
[PlyCount "107"]
[EventDate "2019.09.11"]
[EventType "tourn"]
[EventCountry "GRE"]
[SourceTitle "playchess.com"]
[Source "ChessBase"]
[SourceQuality "1"]
[TimeControl "40/5400+30:1800+30"]

1. e4 {[%emt 0:00:00]} e6 {[%emt 0:02:46]} 2. d4 {[%emt 0:00:00]} d5 {[%emt 0:00:28]} 3. Nc3 {[%emt 0:00:08]} Bb4 {[%emt 0:00:26]} 4. a3 {[%emt 0:00:36]} Bxc3+ {[%emt 0:00:34]} 5. bxc3 {[%emt 0:00:03]} dxe4 {[%emt 0:04:44]} 6. Qg4 {[%emt 0:00:57]} Nf6 {[%emt 0:00:25]} 7. Qxg7 {[%emt 0:00:07]} Rg8 {[%emt 0:00:08]} 8. Qh6 {[%emt 0:00:05]} Rg6 {[%emt 0:04:31]} 9. Qh4 {[%emt 0:00:39]} c5 {[%emt 0:06:55]} 10. Ne2 {[%emt 0:00:56]} Nc6 {[%emt 0:02:08]} 11. dxc5 {[%emt 0:08:27]} Rg4 {[%emt 0:06:39]} 12. Qh6 {[%emt 0:00:57]} Rg6 {[%emt 0:00:33]} 13. Qh4 {[%emt 0:18:25]} Rg4 {[%emt 0:00:26]} 14. Qh6 {[%emt 0:00:03]} Rg6 {[%emt 0:00:06]} 15. Qd2 {[%emt 0:04:11]} Qa5 {[%emt 0:02:19]} 16. Nd4 {[%emt 0:00:51]} Bd7 {[%emt 0:11:04]} 17. Nb5 {[%emt 0:04:25]} Kf8 {[%emt 0:04:28]} 18. h4 {[%emt 0:06:12]} h5 {[%emt 0:06:56]} 19. g4 {[%emt 0:19:11]} Kg8 {[%emt 0:07:51]} 20. gxh5 {[%emt 0:08:57]} Ne5 {[%emt 0:00:43]} 21. Nd4 {[%emt 0:00:13]} Nxh5 {[%emt 0:00:58]} 22. Bb2 {[%emt 0:00:32]} Bc6 {[%emt 0:04:02]} 23. O-O-O {[%emt 0:04:07]} e3 {[%emt 0:12:23]} 24. Qxe3 {[%emt 0:01:18]} Ng4 {[%emt 0:00:20]} 25. Nxc6 {[%emt 0:00:27]} bxc6 {[%emt 0:00:04]} 26. Qd4 {[%emt 0:05:08]} e5 {[%emt 0:01:16]} 27. Qd7 {[%emt 0:00:31]} Qxc5 {[%emt 0:02:22]} 28. Bd3 {[%emt 0:02:06]} Rg7 {[%emt 0:02:21]} 29. Be2 {[%emt 0:10:22]} Qxf2 {[%emt 0:08:20]} 30. Bxg4 {[%emt 0:00:05]} Qf4+ {[%emt 0:00:04]} 31. Kb1 {[%emt 0:00:04]} Qxg4 {[%emt 0:00:06]} 32. Qxc6 {[%emt 0:00:24]} Rc8 {[%emt 0:00:19]} 33. Qd5 {[%emt 0:00:24]} Re8 {[%emt 0:05:46]} 34. c4 {[%emt 0:00:24]} Nf6 {[%emt 0:00:08]} 35. Qc6 {[%emt 0:00:59]} Re6 {[%emt 0:00:52]} 36. Qa8+ {[%emt 0:01:26]} Kh7 {[%emt 0:00:09]} 37. Qxa7 {[%emt 0:01:49]} Qxc4 {[%emt 0:00:09]} 38. h5 {[%emt 0:00:47]} Rc6 {[%emt 0:00:30]} 39. Qf2 {[%emt 0:01:46]} Rg5 {[%emt 0:00:33]} 40. Rhg1 {[%emt 0:00:00]} Ne4 {[%emt 0:00:00]} 41. Qh2 {[%emt 0:06:58]} Rxg1 {[%emt 0:04:51]} 42. Rxg1 {[%emt 0:01:06]} Nc3+ {[%emt 0:00:15]} 43. Bxc3 {[%emt 0:00:08]} Qxc3 {[%emt 0:00:09]} 44. Qf2 {[%emt 0:00:31]} Kh8 {[%emt 0:02:10]} 45. Rg3 {[%emt 0:02:36]} Qc5 {[%emt 0:04:27]} 46. Qf5 {[%emt 0:03:09]} Rb6+ {[%emt 0:04:06]} 47. Kc1 {[%emt 0:01:46]} Rc6 {[%emt 0:00:55]} 48. Rb3 {[%emt 0:02:31]} Qg1+ {[%emt 0:00:12]} 49. Kb2 {[%emt 0:00:04]} Qd4+ {[%emt 0:00:07]} 50. Ka2 {[%emt 0:00:21]} Qd5 {[%emt 0:00:10]} 51. Kb1 {[%emt 0:12:07]} Qd1+ {[%emt 0:00:09]} 52. Kb2 {[%emt 0:00:04]} Qd4+ {[%emt 0:00:10]} 53. Ka2 {[%emt 0:00:38]} Qd5 {[%emt 0:00:07]} 54. Kb2 {[%emt 0:03:33]} 1/2-1/2

[Event "7th Fischer Memorial GM 2019"]
[Site "Anogia"]
[Date "2019.09.18"]
[Round "8.4"]
[White "Akash Pc, Iyer"]
[Black "Percivaldi, Martin"]
[Result "0-1"]
[WhiteElo "2431"]
[BlackElo "2396"]
[Annotator "NA"]
[PlyCount "118"]
[EventDate "2019.09.11"]
[EventType "tourn"]
[EventCountry "GRE"]
[SourceTitle "playchess.com"]
[Source "ChessBase"]
[SourceQuality "1"]
[TimeControl "40/5400+30:1800+30"]

1. d4 {[%emt 0:00:00]} d5 {[%emt 0:00:00]} 2. c4 {[%emt 0:00:04]} c6 {[%emt 0:00:06]} 3. Nf3 {[%emt 0:00:17]} Nf6 {[%emt 0:00:17]} 4. Nc3 {[%emt 0:01:34]} e6 {[%emt 0:00:53]} 5. g3 {[%emt 0:00:35]} dxc4 {[%emt 0:01:27]} 6. Bg2 {[%emt 0:00:06]} b5 {[%emt 0:00:14]} 7. Ne5 {[%emt 0:00:47]} a6 {[%emt 0:02:57]} 8. a4 {[%emt 0:02:19]} Bb7 {[%emt 0:00:00]} 9. O-O {[%emt 0:00:33]} Qc8 {[%emt 0:00:00]} 10. Bg5 {[%emt 0:06:09]} Nbd7 {[%emt 0:01:22]} 11. Nxd7 {[%emt 0:22:30]} Nxd7 {[%emt 0:05:29]} 12. Ne4 {[%emt 0:01:29]} f5 {[%emt 0:09:07]} 13. Nc3 {[%emt 0:01:58]} h6 {[%emt 0:00:11]} 14. Bf4 {[%emt 0:00:34]} g5 {[%emt 0:08:56]} 15. Bd2 {[%emt 0:15:11]} Bg7 {[%emt 0:01:20]} 16. e4 {[%emt 0:01:39]} O-O {[%emt 0:02:12]} 17. exf5 {[%emt 0:01:10]} exf5 {[%emt 0:00:49]} 18. Re1 {[%emt 0:00:09]} Rf7 {[%emt 0:06:44]} 19. Qh5 {[%emt 0:07:30]} b4 {[%emt 0:02:40]} 20. Nd1 {[%emt 0:03:38]} c5 {[%emt 0:01:57]} 21. Bxb7 {[%emt 0:01:00]} Qxb7 {[%emt 0:00:32]} 22. Ne3 {[%emt 0:00:07]} c3 {[%emt 0:17:47]} 23. bxc3 {[%emt 0:08:18]} bxc3 {[%emt 0:00:15]} 24. Bxc3 {[%emt 0:00:11]} cxd4 {[%emt 0:00:10]} 25. Bxd4 {[%emt 0:00:14]} Bf6 {[%emt 0:00:09]} 26. Be5 Bxe5 {[%emt 0:00:31]} 27. Qg6+ {[%emt 0:00:37]} Bg7 {[%emt 0:00:41]} 28. Nxf5 {[%emt 0:00:07]} Rxf5 {[%emt 0:00:17]} 29. Qxf5 {[%emt 0:01:13]} Rf8 {[%emt 0:00:52]} 30. Qe6+ {[%emt 0:01:04]} Kh8 {[%emt 0:00:57]} 31. Rad1 {[%emt 0:01:28]} Nc5 {[%emt 0:05:54]} 32. Qc4 {[%emt 0:00:34]} Qb6 {[%emt 0:00:45]} 33. Rb1 {[%emt 0:00:29]} Qa7 {[%emt 0:00:57]} 34. Re2 {[%emt 0:00:28]} Nd7 {[%emt 0:06:09]} 35. Qe6 {[%emt 0:03:09]} Qd4 {[%emt 0:15:51]} 36. Qe4 {[%emt 0:02:55]} Qd6 {[%emt 0:00:11]} 37. Qe6 {[%emt 0:00:21]} Qd4 {[%emt 0:00:23]} 38. Qe4 {[%emt 0:00:06]} Qc3 {[%emt 0:03:53]} 39. Re3 {[%emt 0:01:49]} Qf6 {[%emt 0:00:34]} 40. Re2 {[%emt 0:00:56]} Ne5 {[%emt 0:00:31]} 41. h3 {[%emt 0:00:58]} Nf3+ {[%emt 0:02:41]} 42. Kg2 {[%emt 0:00:01]} h5 {[%emt 0:03:59]} 43. Qe6 {[%emt 0:02:05]} Qd4 {[%emt 0:01:45]} 44. Qe4 {[%emt 0:00:06]} Qxe4 {[%emt 0:00:37]} 45. Rxe4 {[%emt 0:00:06]} Nd2 {[%emt 0:00:04]} 46. Rbe1 {[%emt 0:00:13]} Nxe4 {[%emt 0:00:06]} 47. Rxe4 {[%emt 0:00:02]} Kh7 {[%emt 0:03:08]} 48. f3 {[%emt 0:00:46]} Kg6 {[%emt 0:00:17]} 49. h4 {[%emt 0:00:08]} gxh4 {[%emt 0:01:44]} 50. Rxh4 {[%emt 0:00:01]} Rc8 {[%emt 0:02:56]} 51. Re4 {[%emt 0:00:34]} Rc6 {[%emt 0:01:54]} 52. Kh3 {[%emt 0:00:21]} Bf6 {[%emt 0:00:07]} 53. Rb4 {[%emt 0:00:53]} Kg5 {[%emt 0:02:14]} 54. Re4 {[%emt 0:00:30]} Kf5 {[%emt 0:00:25]} 55. Kg2 {[%emt 0:01:43]} Rc2+ {[%emt 0:00:15]} 56. Kh3 {[%emt 0:00:12]} Rf2 {[%emt 0:03:13]} 57. Rf4+ {[%emt 0:00:08]} Kg5 {[%emt 0:00:53]} 58. Rc4 {[%emt 0:04:03]} Rxf3 {[%emt 0:00:29]} 59. Rc6 {[%emt 0:00:08]} Be5 {[%emt 0:01:46]} 0-1

[Event "7th Fischer Memorial GM 2019"]
[Site "Anogia"]
[Date "2019.09.18"]
[Round "8.5"]
[White "Gretarsson, Helgi Ass"]
[Black "Storey, Charles H"]
[Result "1-0"]
[WhiteElo "2410"]
[BlackElo "2282"]
[Annotator "NA"]
[PlyCount "82"]
[EventDate "2019.09.11"]
[EventType "tourn"]
[EventCountry "GRE"]
[SourceTitle "playchess.com"]
[Source "ChessBase"]
[SourceQuality "1"]
[TimeControl "40/5400+30:1800+30"]

1. d4 {[%emt 0:00:00]} Nf6 {[%emt 0:00:10]} 2. c4 {[%emt 0:01:04]} g6 {[%emt 0:00:09]} 3. Nc3 {[%emt 0:00:05]} Bg7 {[%emt 0:00:06]} 4. Nf3 {[%emt 0:04:15]} d6 {[%emt 0:01:16]} 5. g3 {[%emt 0:00:07]} Na6 {[%emt 0:05:59]} 6. Bg2 {[%emt 0:00:08]} c5 {[%emt 0:00:13]} 7. O-O {[%emt 0:00:08]} O-O {[%emt 0:02:20]} 8. h3 {[%emt 0:05:19]} Bd7 {[%emt 0:03:01]} 9. b3 {[%emt 0:03:45]} Qc8 {[%emt 0:01:53]} 10. Kh2 {[%emt 0:00:24]} cxd4 {[%emt 0:04:31]} 11. Nxd4 {[%emt 0:00:10]} Nc7 {[%emt 0:00:15]} 12. Be3 {[%emt 0:02:07]} Ne6 {[%emt 0:05:54]} 13. Rc1 {[%emt 0:00:33]} Bc6 {[%emt 0:06:02]} 14. Nxc6 {[%emt 0:06:26]} bxc6 {[%emt 0:00:04]} 15. b4 {[%emt 0:00:12]} Rb8 {[%emt 0:08:11]} 16. Qa4 {[%emt 0:01:43]} c5 {[%emt 0:03:59]} 17. bxc5 {[%emt 0:00:42]} Nxc5 {[%emt 0:02:50]} 18. Qxa7 {[%emt 0:00:25]} Qe6 {[%emt 0:03:12]} 19. Nd5 {[%emt 0:35:08]} Nxd5 {[%emt 0:02:19]} 20. Bxd5 {[%emt 0:00:18]} Qe5 {[%emt 0:00:17]} 21. Bf4 {[%emt 0:00:46]} Qf6 {[%emt 0:02:28]} 22. Rb1 {[%emt 0:01:54]} Rbd8 {[%emt 0:05:08]} 23. Rfd1 {[%emt 0:10:04]} h5 {[%emt 0:03:58]} 24. h4 {[%emt 0:01:14]} Kh7 {[%emt 0:01:26]} 25. Be3 {[%emt 0:04:58]} Rd7 {[%emt 0:08:53]} 26. Qa5 {[%emt 0:01:45]} Rc8 {[%emt 0:00:43]} 27. Kg2 {[%emt 0:02:46]} Qf5 {[%emt 0:05:42]} 28. Qb5 {[%emt 0:01:53]} Ra7 {[%emt 0:01:00]} 29. a4 {[%emt 0:00:16]} Bc3 {[%emt 0:05:37]} 30. Bxc5 {[%emt 0:08:51]} Rxc5 {[%emt 0:00:43]} 31. Qe8 {[%emt 0:00:21]} e6 {[%emt 0:01:38]} 32. Qb8 {[%emt 0:02:16]} Rcc7 {[%emt 0:07:30]} 33. Bf3 {[%emt 0:00:59]} Be5 {[%emt 0:03:47]} 34. Rd3 {[%emt 0:00:36]} Qf6 {[%emt 0:00:48]} 35. Bb7 {[%emt 0:02:30]} Bd4 {[%emt 0:04:04]} 36. Rxd4 {[%emt 0:01:33]} Qxd4 {[%emt 0:01:18]} 37. Qxc7 {[%emt 0:00:05]} Kg7 {[%emt 0:00:15]} 38. a5 {[%emt 0:01:12]} d5 {[%emt 0:00:06]} 39. Qb6 {[%emt 0:00:13]} Qe4+ {[%emt 0:00:22]} 40. Kg1 {[%emt 0:00:00]} Rxa5 {[%emt 0:00:00]} 41. Qb2+ {[%emt 0:02:45]} d4 {[%emt 0:00:16]} 1-0

[Event "7th Fischer Memorial GM 2019"]
[Site "Anogia"]
[Date "2019.09.19"]
[Round "9.1"]
[White "Storey, Charles H"]
[Black "Baenziger, Fabian"]
[Result "1/2-1/2"]
[WhiteElo "2282"]
[BlackElo "2366"]
[Annotator "TA"]
[PlyCount "124"]
[EventDate "2019.09.11"]
[EventType "tourn"]
[EventCountry "GRE"]
[SourceTitle "playchess.com"]
[Source "ChessBase"]
[SourceQuality "1"]

{[%evp 19,124,29,127,91,212,191,201,187,205,187,216,212,214,189,229,51,78,0,0,0,0,-74,0,-95,0,0,0,0,0,0,260,0,0,0,60,47,121,120,120,120,115,110,133,0,125,-222,-200,-203,-191,-189,8,16,4,0,0,0,70,12,6,0,150,141,211,219,197,216,170,25,25,32,39,25,45,20,28,0,10,0,0,-75,-72,-141,-112,-112,-103,-160,-39,-197,-173,-671,-657,-584,-535,-527,0,0,0,0,0,0,0,0,0,0,0,0,0]} 1. c4 Nf6 2. Nc3 g6 3. d4 Bg7 4. e4 d6 5. Nge2 O-O 6. Ng3 e5 7. d5 a5 8. h4 h5 9. Bg5 Na6 10. Be2 Nc5 (10... Qe8 $11) 11. Bxh5 $1 $16 {E70: King's Indian: Miscellaneous lines with 4 e4, including 5 Nge2 and 5 Bd3 0-0 6 Nge2} c6 (11... gxh5 $16 {was worth a try.} 12. Nxh5 Kh8) (11... gxh5 12. Nxh5 Bh8 13. Qf3 Ncd7 14. Rh3 Re8 15. Nd1 c6 16. Ne3 Kh7 17. Rg3 Rg8 18. Nxf6+ {1-0 (18) Kekelidze,M (2396)-Hakobyan,H (2220) Poti 2017}) 12. Be2 $18 cxd5 13. cxd5 {White is clearly better.} (13. Nxd5 $6 Ne6 $16) 13... Qb6 14. Qd2 Ng4 $146 ({Predecessor:} 14... Bd7 15. h5 Na4 16. Nxa4 Bxa4 17. b3 Bd7 18. Be3 Qc7 {1-0 (40) Wolff,P-Boehm,A Hessen 1991}) 15. Bxg4 Bxg4 16. f3 Bd7 17. Rd1 $2 (17. h5 $18 {aiming for h6.} f6 18. h6) 17... f5 $14 18. h5 (18. exf5 $16 gxf5 19. Nh5) 18... f4 $1 $11 {[%cal Rf4g3]} 19. Nf1 gxh5 20. Qf2 (20. g3 $11 {remains equal.}) 20... Rac8 (20... Qa6 $17 21. Qe2 b5) 21. Rd2 (21. g4 $11) 21... Bb5 (21... a4 $1 $17 {[%cal Ra4a3]} 22. Qh4 (22. Rxh5 $2 a3 $19) 22... a3 23. Qxh5 axb2 24. Qh7+ Kf7 25. Qh5+ Kg8 26. Qh7+ Kf7 27. Qh5+ Kg8) 22. Qh4 Nd3+ {[#]} 23. Rxd3 $1 {[%mdl 512]} Bxd3 24. Qxh5 {Qh7+ is the strong threat.} Rf7 $2 {[%mdl 8192]} (24... Rxc3 $11 {and Black stays safe.} 25. Qh7+ Kf7 26. Qh5+ (26. bxc3 $2 Qb1+ 27. Kf2 Qb2+ 28. Kg1 Qb6+ 29. Kh2 Rh8 $19) (26. Qf5+ Kg8 $11) 26... Kg8 27. Qh7+ Kf7 28. Qh5+ (28. bxc3 $2 Qb1+ 29. Kf2 Qb2+ 30. Kg1 Qb6+ 31. Kh2 Rh8 $19) (28. Qf5+ Kg8 $11) 28... Kg8) 25. Be7 $2 ({Wrong is} 25. Qh3 $2 Rxc3 26. bxc3 Qb2 $1 $19 {[%mdl 512]}) (25. Qh7+ $1 $18 Kf8 26. Bh6) 25... Rxe7 26. Qh7+ Kf8 (26... Kf7 $11 27. Qf5+ {[%mdl 64] Double Attack} Bf6 28. Rh7+ Kg8 29. Rxe7 Bxe7 30. Qe6+ (30. Qxc8+ Kg7 $11) 30... Kf8 31. Qxc8+ Kg7) 27. Qf5+ $1 $14 {[%mdl 64] Double Attack} Rf7 (27... Kg8 $14 28. Qxc8+ Kf7) 28. Qxc8+ $16 Ke7 29. Kd2 Ba6 30. Kc2 Qd8 31. Qe6+ Kf8 32. Nh2 $2 {[%mdl 8192]} (32. a4 $1 $16 {is necessary to keep the advantage.}) 32... Rf6 $1 $19 {[%cal Rf6e6]} 33. Qg4 {Strongly threatening Qg5.} Rh6 $1 34. g3 fxg3 $2 (34... b5 $1 $19 35. gxf4 b4) 35. Qxg3 $11 Qh4 $132 {[%mdl 2048] Black is fighting back} 36. Qg2 Qh3 37. Qf2 Kg8 (37... Bf6 $11) 38. Nd1 (38. Kb1 $14) 38... Qc8+ 39. Kd2 Qh3 (39... Qc4 $11) 40. Ne3 $16 Rg6 (40... Rh5 $16) 41. Rg1 $18 Rxg1 42. Qxg1 {Hoping for Nf5!} Kf7 {[#]} 43. Neg4 ({Better is} 43. Nf5 $1 $18 Bf8 44. Kc3) 43... Bh6+ $11 44. Nxh6+ Qxh6+ 45. Kd1 Qh3 46. Qf2 a4 47. a3 Bc4 48. Ke1 Qh6 {[%cal Rh6c1]} 49. f4 (49. Qd2 $11 {keeps the balance.} Qh4+ 50. Qf2) 49... exf4 $17 ({Don't play} 49... Qxf4 50. Qxf4+ exf4 51. Ng4 $11) 50. Kd2 (50. Nf3 $142) 50... Ke8 51. Kc3 Qh3+ 52. Nf3 Bf1 (52... Bb3 $1 $17 53. Kb4 Bd1) 53. Kb4 $2 (53. Kd2 $15) 53... Qg2 $19 54. Qd4 $2 (54. Qxg2 Bxg2 55. Nh2) 54... Qxf3 55. Qh8+ {[#]} Kf7 $1 56. Qh7+ {[#]} Ke8 $2 ({Black should play} 56... Kf6 $1 $19 57. Qf5+ Kg7 58. Qd7+ Kh6 59. Qxd6+ Kg5 60. Qe5+ Kh4 61. Qf6+ Kg3 62. Qg6+ Kf2 63. Kxa4 Qe3) 57. Qg8+ {The position is equal.} Kd7 58. Qe6+ Kc7 59. Qe7+ Kb8 60. Qxd6+ Ka8 (60... Ka7 $5 61. Qc5+ $8 Ka8 62. Qf8+ Ka7 63. Qc5+ Kb8 64. Qf8+ Ka7 65. Qc5+ $11) 61. Qf8+ Ka7 {( -> ...Qb3+)} 62. Qc5+ Kb8 {Accuracy: White = 37%, Black = 58%.} (62... b6 $5 63. Qc7+ $8 Ka8 64. Qc8+ Ka7 65. Qd7+ Kb8 66. Qd8+ Kb7 67. Qd7+ {[%mdl 64] Double Attack} Kb8 68. Qd8+ Kb7 69. Qd7+ {[%mdl 64] Double Attack} Kb8 $11) 1/2-1/2

[Event "7th Fischer Memorial GM 2019"]
[Site "Anogia"]
[Date "2019.09.19"]
[Round "9.2"]
[White "Percivaldi, Martin"]
[Black "Gretarsson, Helgi Ass"]
[Result "1/2-1/2"]
[WhiteElo "2396"]
[BlackElo "2410"]
[Annotator "ChessBase"]
[PlyCount "61"]
[EventDate "2019.09.11"]
[EventType "tourn"]
[EventCountry "GRE"]
[SourceTitle "playchess.com"]
[Source "ChessBase"]
[SourceQuality "1"]
[TimeControl "40/5400+30:1800+30"]

1. Nf3 {[%emt 0:00:00]} g6 {[%emt 0:01:26]} 2. d4 {[%emt 0:00:17]} Bg7 {[%emt 0:00:07]} 3. g3 {[%emt 0:00:08]} d6 {[%emt 0:00:48]} 4. Bg2 {[%emt 0:00:13]} Nd7 {[%emt 0:01:05]} 5. O-O {[%emt 0:00:31]} e5 {[%emt 0:00:54]} 6. e4 {[%emt 0:00:11]} Ne7 {[%emt 0:00:57]} 7. Nc3 {[%emt 0:00:39]} O-O {[%emt 0:12:33]} 8. Be3 {[%emt 0:02:09]} Re8 {[%emt 0:00:30]} 9. h3 {[%emt 0:03:43]} a6 {[%emt 0:06:47]} 10. a4 {[%emt 0:04:03]} b6 {[%emt 0:03:22]} 11. Qd2 {[%emt 0:05:28]} exd4 {[%emt 0:03:56]} 12. Bxd4 {[%emt 0:02:01]} Ne5 {[%emt 0:00:41]} 13. Nxe5 {[%emt 0:07:40]} dxe5 {[%emt 0:00:32]} 14. Be3 {[%emt 0:00:02]} Qxd2 {[%emt 0:03:23]} 15. Bxd2 {[%emt 0:00:34]} Be6 {[%emt 0:08:43]} 16. Rfd1 {[%emt 0:04:20]} Rad8 {[%emt 0:00:30]} 17. Bf1 {[%emt 0:01:43]} Nc6 {[%emt 0:01:38]} 18. Kg2 {[%emt 0:18:03]} Nd4 {[%emt 0:04:02]} 19. Rac1 {[%emt 0:00:57]} Bc8 {[%emt 0:02:55]} 20. Bg5 {[%emt 0:06:12]} Rd7 {[%emt 0:02:27]} 21. Nd5 {[%emt 0:11:14]} Bb7 {[%emt 0:01:16]} 22. f3 {[%emt 0:00:43]} Bxd5 {[%emt 0:18:45]} 23. exd5 {[%emt 0:00:09]} Rxd5 {[%emt 0:00:17]} 24. c3 {[%emt 0:05:19]} h6 {[%emt 0:00:12]} 25. cxd4 {[%emt 0:00:43]} hxg5 {[%emt 0:00:09]} 26. Rxc7 {[%emt 0:00:12]} b5 {[%emt 0:00:07]} 27. axb5 {[%emt 0:01:02]} axb5 {[%emt 0:00:01]} 28. Rb7 {[%emt 0:00:37]} Rc8 {[%emt 0:03:41]} 29. Rd2 {[%emt 0:01:36]} exd4 {[%emt 0:01:44]} 30. Bxb5 {[%emt 0:08:12]} d3 {[%emt 0:00:12]} 31. Rxd3 {[%emt 0:00:11]} 1/2-1/2

[Event "7th Fischer Memorial GM 2019"]
[Site "Anogia"]
[Date "2019.09.19"]
[Round "9.3"]
[White "Mitsis, Georgios"]
[Black "Akash Pc, Iyer"]
[Result "1/2-1/2"]
[WhiteElo "2374"]
[BlackElo "2431"]
[Annotator "TA"]
[PlyCount "114"]
[EventDate "2019.09.11"]
[EventType "tourn"]
[EventCountry "GRE"]
[SourceTitle "playchess.com"]
[Source "ChessBase"]
[SourceQuality "1"]

{[%evp 14,114,41,27,33,41,33,24,41,36,43,37,52,43,74,26,61,0,96,105,116,108,112,99,112,100,105,18,26,21,29,21,44,36,87,84,147,141,154,149,156,145,280,128,133,147,127,129,125,118,145,114,102,102,97,64,84,89,53,-79,-8,-9,-12,-141,-135,-116,-50,-35,-37,-53,-57,-62,0,-24,0,0,0,-14,-10,-84,-36,-28,0,-22,-8,-8,-8,-8,-8,-22,-22,-22,-22,-28,0,0,0,0,0,0,0,0,0]} 1. d4 Nf6 2. c4 g6 3. Nc3 Bg7 4. e4 d6 5. f3 O-O 6. Be3 Nc6 7. Nge2 a6 8. Qd2 Na5 {E83: King's Indian: Sämisch Panno (6...Nc6): Lines without either Nge2 or Qd2} 9. Nc1 Nd7 10. Nb3 Nxb3 {White has an edge.} (10... c5 11. dxc5 Nxb3 12. axb3 Nxc5 13. Ra3 Be6 14. b4 Nd7 15. Be2 Rc8 16. Nd5 {½-½ (52) Santos Latasa,J (2582)-Kovalev,V (2703) Skopje 2019}) 11. axb3 c5 12. d5 Qb6 13. Ra3 {[#]} Nf6 $146 ({Predecessor:} 13... e5 14. Bd3 f5 15. exf5 gxf5 16. O-O {1-0 (38) Karavade,E (2385)-Lintchevski,D (2553) Kolkata 2012}) 14. Na2 Nd7 15. Nc3 (15. h4 $14) 15... Bd4 (15... Nf6 $11 {remains equal.}) 16. Bxd4 $16 cxd4 17. Ne2 e5 18. dxe6 $1 fxe6 19. Nxd4 d5 20. b4 (20. exd5 $16 exd5 21. cxd5) 20... dxc4 $1 $11 21. Nc2 Ne5 22. Qc3 Qc7 23. b3 {[%cal Rb3c4]} b5 {[#]} (23... Bd7 $14) 24. bxc4 $1 $16 bxc4 ({Black should play} 24... Nxc4 25. Ne3 Rb8) 25. Ra5 $36 {[%mdl 2048] White is on the roll.} Nf7 26. Bxc4 Bd7 27. Rc5 Qa7 (27... Qb6 $16 28. Ne3 Rfb8) 28. h4 (28. Ne3 $18 {has better winning chances.}) 28... a5 29. Rxa5 Qc7 {...Rxa5 would now be nice for Black.} 30. Rc5 {[%cal Ba5c5,Bc5c7,Bc7d7][%mdl 32]} Qg3+ 31. Kf1 {h5 is the strong threat.} Nd6 {And now ...Nxe4 would win.} 32. Rc7 Nxc4 33. Rxd7 {[%csl Gd7][%cal Rc3g7]} Ne5 34. Rc7 Rfd8 {[#] Strongly threatening ...Rd1+.} 35. Rh3 $1 {[%cal Rh3g3]} Qf4 36. Qe3 (36. Ne1 $1 $14 Rd1 37. Ke2) 36... Nd3 (36... Ra1+ $1 $17 37. Ke2 Nd3 38. Qxf4 Nxf4+ 39. Kf2 (39. Ke3 $2 Nxg2+ 40. Kf2 Rd2+ 41. Kg3 Rg1 $19) 39... Rc1) 37. Qxf4 $11 Nxf4 38. Ke1 (38. Rg3 $11) 38... Nxh3 $17 39. gxh3 Rac8 ({Better is} 39... Ra2 $17 {Threatens to win with ...Rd3.} 40. Rc3 Rb2) 40. Rxc8 $15 Rxc8 {[%mdl 4096] Endgame KR-KN} 41. Kd2 Kg7 {[%mdl 1024] Black has compensation.} 42. e5 Rc4 (42... Kh6 $15 43. Nd4 Rc4) 43. Kd3 Rc8 44. Nd4 Kf7 45. Nb5 {aiming for Nd6+.} Ke7 {White should prevent ...Rc1.} 46. Nd6 (46. Nd4 $11) 46... Rc1 $17 {Hoping for ...Rh1.} 47. b5 Kd7 48. Ke4 Rh1 49. Kf4 Rxh3 50. Kg4 Rh1 51. Ne4 Rg1+ 52. Kf4 Ke7 53. b6 h6 {next ...Rb1 is good for Black.} 54. b7 {The position is equal.} Rb1 55. Nc5 Rb4+ 56. Kg3 Rb5 57. Kf4 Rb4+ {Accuracy: White = 49%, Black = 53%.} 1/2-1/2

[Event "7th Fischer Memorial GM 2019"]
[Site "Anogia"]
[Date "2019.09.19"]
[Round "9.4"]
[White "Stoyanov, Tsvetan"]
[Black "Kapnisis, Spyridon"]
[Result "0-1"]
[WhiteElo "2373"]
[BlackElo "2465"]
[Annotator "TA"]
[PlyCount "64"]
[EventDate "2019.09.11"]
[EventType "tourn"]
[EventCountry "GRE"]
[SourceTitle "playchess.com"]
[Source "ChessBase"]
[SourceQuality "1"]

{[%evp 9,64,2,10,0,27,25,6,8,16,-6,4,-12,-6,-23,10,-8,0,12,17,11,55,37,53,14,90,78,346,324,339,0,0,-26,81,-109,-109,-107,-91,-81,-88,-75,0,-473,-466,-1041,-1014,-29967,-29961,-29983,-29984,-29984,-29985,-29988,-29989,-29989,-29988,-29988,-29989]} 1. e4 c5 2. Nf3 Nf6 3. e5 Nd5 4. Nc3 e6 5. Bc4 Nb6 6. d3 {B29: Sicilian: 2 Nf3 Nf6 (Nimzowitsch Variation)} d5 7. exd6 Bxd6 8. Bb3 {The position is equal.} (8. Ng5 Be7 9. Bb5+ Bd7 10. Qh5 g6 11. Qh6 Bxb5 12. Nxb5 Bf8 13. Qh3 {1-0 (34) Kulaots,K (2573)-Kantans,T (2531) Viljandi 2017}) 8... O-O 9. Qe2 $146 ({Predecessor:} 9. O-O Nc6 10. Bg5 f6 11. Bh4 Na5 12. Bg3 Bxg3 13. hxg3 Nxb3 14. axb3 {0-1 (43) Kulagin,S (2054)-Egorov,P (2257) St Petersburg 2016}) 9... Nc6 10. Bd2 Nd5 11. h4 Nf6 12. Ne4 Be7 13. Nxf6+ Bxf6 14. c3 b6 15. O-O-O $1 ({But not} 15. Qe4 Bb7 $15) 15... Bb7 16. Rh3 b5 (16... a5 $11) 17. Ng5 $1 $16 b4 $2 {[%mdl 8192]} (17... Qe7 $16 {might work better.}) 18. Qh5 $18 {[%csl Gg5][%cal Rh5h7]} h6 {[#]} 19. Ne4 $2 (19. Nxe6 $1 $18 {[%mdl 512]} fxe6 20. Bxe6+ Kh8 21. Bxh6 $1 {[%mdl 512]}) 19... bxc3 $1 $11 20. bxc3 {Threatens to win with Bg5!} (20. Bxh6 {keeps more tension.} Ne5 21. Nxc3 gxh6 22. Qxh6 Ng6 23. Rg3) 20... Na5 (20... Ne5 $11 {keeps the balance.} 21. Nxf6+ Qxf6) 21. Bxh6 $2 (21. Nxf6+ $16 {keeps the pressure on.} Qxf6 22. Rg3) 21... Nxb3+ $17 ({Avoid the trap} 21... gxh6 $2 22. Qxh6 Bxe4 23. dxe4 $18) 22. axb3 {Bxg7! is the strong threat.} Bxe4 $1 23. dxe4 Qa5 $36 {[%mdl 2048] Keeping White busy.} 24. e5 {[#]} c4 ({Better is} 24... Qa3+ $1 $17 25. Kd2 Rad8+ 26. Ke1 Rxd1+ {[%mdl 64] Overworked Piece} 27. Qxd1 Bxe5) 25. Bxg7 $4 {[%mdl 8192]} (25. b4 $11 {and White is okay.} Qxe5 26. Qxe5 Bxe5 27. Re1) 25... Bxg7 $19 26. Rg3 (26. b4 $142 Qxe5 27. Qxe5 Bxe5 28. Re1 Bf4+ 29. Kb1) 26... Qa1+ ({Not} 26... cxb3 {[#]} 27. Rxg7+ $1 {[%mdl 512]} Kxg7 28. Qg5+ Kh7 29. Qh5+ Kg8 30. Qg5+ Kh7 31. Qh5+ Kg8 32. Qg5+ Kh7 $11) 27. Kc2 cxb3+ {Black mates.} 28. Kd2 Rfd8+ 29. Ke3 Qxd1 30. Rxg7+ Kxg7 31. Qg5+ Kf8 32. Qh6+ Ke8 {Accuracy: White = 47%, Black = 49%.} 0-1